00837 2200301 4500001002100000005001700021008004100038020002200079035002400101040001200125041000800137082001700145084001700162090001900179100001600198245010200214250001100316260003000327300003100357440002300388650002300411700001900434700001600453850001200469990001800481990001800499990001800517INLIS00000000003154020171012111649.0  a978-602-420-234-7 0010-101700000000218 aYOPDYOG0 aind042[23]a028.55 a028.55 Iwo A aK 028.55 Iwo A0 aIWOK ABQARY1 aAbdurrahman pedagang yang dermawanc/ Iwok Abqary; editor, Dadan Ramadhan; ilustrator, M. Isnaeni aCet. 1 aBandungbDar! Mizanc2016 a20 hlm.b: ilus.c; 18 cm. aSeri sahabat Rasul 4aBacaan kanak-kanak0 aDadan Ramadhan1 aIsnaeni, M. aYOPDYOG a28855-PD/B.17 a28856-PD/B.17 a28857-PD/B.17